000 00664nam a2200229Ia 4500
005 20250508165225.0
008 008 250505s9999 xx 000 0 eng d
020 _a81-89253-30-1
037 _aReference
040 _aFEDL
_beng
_cFEDL
041 _aeng
_2eng
084 _a371.26, REY/RR
_qFEDL
100 _aReynolds Cecil R
245 0 _aMeasurement and assessment in education
250 _a2
260 _aNew Delhi, India
_bPHI Learning Private Limited
_c2009
300 _axx, 519p.
365 _aINR
_b425
700 _a Livingston Ronald B Willson Victor
_9780195
942 _cREF
_h371.26, REY/RR
999 _c1393921
_d1393921